000 00417nam a2200169Ia 4500
008 230524s9999 xx 000 0 und d
082 _a658.15
_bGOR
100 _aE.Gordon
245 0 _aFinancial Markets And Services 5th Revised ed.
250 _aIST
260 _aMUMBAI
_bHimalaya
_c2009
300 _aX;405
500 _aQuantity Number: 30
650 _aManagement
700 _a K.Natarajan
942 _cBK
999 _c43387
_d43387